Rolling Stones Albums by Cover - Statistics

General Stats
  • This quiz has been taken 141 times
    79 since last reset
  • The average score is 15 of 27
Answer Stats
Picture Hint Answer % Correct
23 April 1971 {Sticky} {Fingers}
89%
5 December 1969 {Let} {It} {Bleed}
85%
16 April 1964 (UK)
30 May 1964 (US)
The {Rolling} {Stones} (UK)
{England}'{s} {Newest} {Hit} {Makers} (US)
85%
12 May 1972 {Exile} on {Main} {St}.
84%
9 June 1978 {Some} {Girls}
79%
6 December 1968 {Beggars} {Banquet}
74%
24 August 1981 {Tattoo} {You}
74%
31 August 1973 {Goats} {Head} {Soup}
73%
23 April 1976 {Black} and {Blue}
63%
15 April 1966 (UK)
2 July 1966 (US)
{Aftermath}
61%
18 October 1974 {It}'{s} {Only} {Rock} 'n {Roll}
56%
29 August 1989 {Steel} {Wheels}
53%
8 December 1967 {Their} {Satanic} {Majesties} {Request}
53%
29 September 1997 {Bridges} to {Babylon}
52%
11 July 1994 {Voodoo} {Lounge}
50%
20 October 2023 {Hackney} {Diamonds}
47%
20 January 1967 (UK)
11 February 1967 (US)
{Between} the {Buttons}
45%
20 June 1980 {Emotional} {Rescue}
45%
17 October 1964 (US) {12} X {5}
42%
30 July 1965 (US)
24 September 1965 (UK)
{Out} of {Our} {Heads}
42%
15 January 1965 (UK) The Rolling Stones {No}. {2}
42%
13 February 1965 (US) The Rolling Stones, {Now}!
42%
5 September 2005 A {Bigger} {Bang}
39%
7 November 1983 {Undercover}
35%
2 December 2016 {Blue} & {Lonesome}
34%
4 December 1965 (US) {December}'{s} {Children} (And {Everybody}'{s})
29%
24 March 1986 {Dirty} {Work}
27%
No matching quizzes found
Score Distribution
Percent of People with Each Score
Percentile by Number Answered
Your Score History
You have not taken this quiz since the last reset